|
|
|
|
| LEADER |
00000nam a2200000 a 4500 |
| 001 |
vtls001413148 |
| 003 |
SK-MaSNL |
| 005 |
20260302035120.0 |
| 008 |
251124s1998 RO ab r 0 rum |
| 020 |
|
|
|a 9739683722
|c [220,00]
|
| 035 |
|
|
|a SNK000367871
|
| 040 |
|
|
|a SNK
|b slo
|c SNK
|e AACR2
|
| 044 |
|
|
|a RO
|
| 080 |
|
|
|a 908.498(036)=40
|2 1981
|
| 100 |
1 |
|
|a Avram, Alexandru
|4 aut
|9 281915
|
| 245 |
1 |
0 |
|a Sibiu
|b ghid cultural-turistic
|c Alexandru Avram, Vasile Crişan ; cuvânt înainte de Doina Florea
|
| 250 |
|
|
|a 2-a rev. şi ad. ed.
|
| 260 |
|
|
|a Bucureşti
|b FF press
|c 1998
|
| 300 |
|
|
|a 200 s., [72] s. čiast. fareb. obr. príl.
|c 22 cm
|e 1 mp.
|
| 651 |
|
7 |
|a Rumunsko
|2 SNKPHgeo
|9 17409
|
| 651 |
|
7 |
|a Sibiu (Rumunsko)
|2 SNKPHgeo
|9 107398
|
| 655 |
|
7 |
|a turistickí sprievodcovia (publikácie)
|2 SNKPHgeo
|9 191298
|
| 700 |
1 |
|
|a Criâşan, Vasile
|4 aut
|9 687566
|
| 919 |
|
|
|a 973-96837-2-2
|
| 999 |
|
|
|c 1069305
|d 1071235
|
| 952 |
|
|
|t P60, <04>, [BOOK], {604}
|a SNK
|b SNK
|y VYP
|7 0
|p 17A0300398
|o snkIC 129420
|i snkV 707/2001
|0 0
|1 0
|4 0
|d 2001-05-29
|l 0
|r 2005-01-02 00:00:00
|w 2026-02-24
|